Advances in Biogas Desulfurization (Record no. 13872)

MARC details
000 -LEADER
fixed length control field 00872nam a2200121Ia 4500
008 - FIXED-LENGTH DATA ELEMENTS--GENERAL INFORMATION
fixed length control field 220615s9999||||xx |||||||||||||| ||und||
100 ## - MAIN ENTRY--PERSONAL NAME
Personal name Ramírez, Martín
245 #0 - TITLE STATEMENT
Title Advances in Biogas Desulfurization
546 ## - LANGUAGE NOTE
Language note English[eng]
650 ## - SUBJECT ADDED ENTRY--TOPICAL TERM
Topical term or geographic name entry element biotrickling filters||in-situ biogas desulphurisation||response surface methodology||microbial ecology||anoxic biotrickling filter||desulfurization||molecular techniques||open-pore polyurethane foam||anaerobic digestion||autotrophic denitrification||anoxic biofiltration||Teflon||biotrickling filter||biogas||desulphurisation||H2S||post-biogas desulphurisation||hydrogen sulfide elimination||removal process||Ottengraf’s model||packing material||hydrogen sulfide||open polyurethane foam||sulfur-oxidizing bacteria||anoxic||PVC||biofiltration||PET
856 ## - ELECTRONIC LOCATION AND ACCESS
Uniform Resource Identifier <a href="https://mdpi.com/books/pdfview/book/2262">https://mdpi.com/books/pdfview/book/2262</a>
942 ## - ADDED ENTRY ELEMENTS (KOHA)
Koha item type E-Books
Holdings
Withdrawn status Lost status Damaged status Not for loan Home library Current library Date acquired Total Checkouts Date last seen Price effective from Koha item type
        Kerala University of Digital Sciences, Innovation and Technology Knowledge Centre Kerala University of Digital Sciences, Innovation and Technology Knowledge Centre 15/06/2022   15/06/2022 15/06/2022 E-Books